000 00777nam a22002537a 4500
003 BD-DhJNU
005 20250408030325.0
008 250408b |||||||| |||| 00| 0 eng d
020 _a0203024370
020 _a02030160630
020 _a0415142296
020 _a041514230X
040 _aBD-DhJNU
_bENG
_cBD-DhJNU
_dBD-DhJNU
082 _223
_a302.23 WIM
100 _aWinston, Brian
245 _aMedia technology and society :
_ba history : from the telegraph to the internet /
_cBrian Winston
260 _aLondon :
_bRoutledge,
_c2003.
300 _axiv, 374p. :
_bill. ;
_c25 cm
504 _aIncludes bibliographical references and index
650 _aCommunication Aspect social
650 _aHistory
650 _aCommunication Histories
942 _2ddc
_cBK
_n0
999 _c1543
_d1543